000 00570nam a2200241Ia 4500
005 20260306150048.0
008 008 260114s9999 xx 000 0 eng d
020 _a9789027271556
037 _aEbook
040 _aCRL
040 _beng
040 _cCRL
041 _2eng
041 _aeng
084 _qCRL
245 0 _aProximization
260 _bJohn Benjamins Publishing Company
260 _c2013
650 _aLinguistics and Semiotics
856 _uhttps://www.degruyter.com/isbn/9789027271556
942 _cEBOOK
999 _c1693447
_d1693447